000 00339nam a2200133Ia 4500
008 260604s9999 xx 000 0 und d
020 _a9780141346847
082 _a813.6 RIO
100 _aRiordan, Rick
_935347
245 0 _aPercy Jackson (2) : The Sea of Monsters (NEW)
260 _bPENGUIN UK
500 _aSea of Monsters
942 _cBK
999 _c8139
_d8139